| 000 | 00984nam0a22002771 4500 | ||
|---|---|---|---|
| 001 | rc\4235357 | ||
| 005 | 20260407071518.0 | ||
| 021 |
_aRU _b[61-56295] |
||
| 035 | _a(NLR Aleph) 008466667 | ||
| 090 |
_a7903426 _c7903426 |
||
| 100 | _a20130416d1961 |||y0rusy50 ca | ||
| 101 | 0 | _arus | |
| 102 | _aRU | ||
| 105 | _aa z ||||| | ||
| 200 | 1 | _aКормовая база | |
| 210 |
_aМосква _cЗнание _d1961 |
||
| 215 |
_a39 с. _cил. _d20 |
||
| 225 | 1 |
_aНародный университет культуры _i[Сельскохозяйственный факультет _v6] |
|
| 300 | _aПеред загл. авт.: проф. Н.Г. Андреев | ||
| 606 |
_aКормовая база _2psbo |
||
| 700 | 1 |
_7ca _8rus _aАндреев _bН. Г. _cд-р с.-х. наук _f1900-1996 _gНиколай Гаврилович _3RU\NLR\AUTH\770279025 _92650992 |
|
| 801 | 0 |
_aRU _bNLR _gpsbo |
|
| 801 | 1 |
_aRU _bELAR _2rusmarc |
|
| 852 |
_aNLR _j61-4/12041 |
||
| 942 | _cBOOK | ||
| 980 | _aNB | ||